Deforestación y uso de suelo en San Pablo Cuatro Venados, Zaachila Oaxaca / (Record no. 218973)
[ view plain ]
| 000 -CABECERA | |
|---|---|
| campo de control de longitud fija | 02311nam a2200277 a 4500 |
| 003 - IDENTIFICADOR DEL NÚMERO DE CONTROL | |
| campo de control | OSt |
| 005 - FECHA Y HORA DE LA ÚLTIMA TRANSACCIÓN | |
| campo de control | 20251107113507.0 |
| 007 - CAMPO FIJO DE DESCRIPCIÓN FÍSICA--INFORMACIÓN GENERAL | |
| campo de control de longitud fija | cr ||||||a|c|a |
| 008 - DATOS DE LONGITUD FIJA--INFORMACIÓN GENERAL | |
| campo de control de longitud fija | 230620s2019 mx ab||fom||| 001 0 spa d |
| 040 ## - FUENTE DE LA CATALOGACIÓN | |
| Normas de descripción | rda |
| 100 1# - ENTRADA PRINCIPAL--NOMBRE DE PERSONA | |
| 9 (RLIN) | 132746 |
| Nombre de persona | Sanchez Jimenez, Rosa |
| 245 10 - MENCIÓN DE TÍTULO | |
| Título | Deforestación y uso de suelo en San Pablo Cuatro Venados, Zaachila Oaxaca / |
| Mención de responsabilidad, etc. | por Rosa Sanchez Jimenez; director de tesis Elizabeth Hernández Acosta |
| 264 #1 - PRODUCCIÓN, PUBLICACIÓN, DISTRIBUCIÓN, FABRICACIÓN Y COPYRIGHT | |
| Producción, publicación, distribución, fabricación y copyright | Chapingo, México : |
| Nombre del de productor, editor, distribuidor, fabricante | El autor, |
| Fecha de producción, publicación, distribución, fabricación o copyright | 2019. |
| 300 ## - DESCRIPCIÓN FÍSICA | |
| Extensión | 1 recurso en línea (47 páginas): |
| Otras características físicas | Ilustraciones, cuadros, mapas |
| 336 ## - TIPO DE CONTENIDO | |
| Fuente | rdacontent |
| Término de tipo de contenido | texto |
| Código de tipo de contenido | txt |
| 337 ## - TIPO DE MEDIO | |
| Fuente | rdamedia |
| Nombre/término del tipo de medio | computadora |
| Código del tipo de medio | c |
| 338 ## - TIPO DE SOPORTE | |
| Fuente | rdacarrier |
| Nombre/término del tipo de soporte | recurso en línea |
| Código del tipo de soporte | cr |
| 502 ## - NOTA DE TESIS | |
| Tipo de título | Maestría en Ciencias en Ciencias Forestales |
| Nombre de la institución que otorga el título | División de Ciencias Forestales, |
| Año de obtención del título | 2019. |
| Información miscelánea | Maestría |
| 504 ## - NOTA DE BIBLIOGRAFÍA, ETC. | |
| Nota de bibliografía, etc. | Incluye referencias bibliográficas: páginas 19-26, 43-47 |
| 520 ## - SUMARIO, ETC. | |
| Sumario, etc. | La importancia de los bosques a nivel mundial es ampliamente ubicada por el conjunto de bienes y servicios que ofrecen, sin embargo, el aprovechamiento de dichos recursos provoca cambios en el uso de suelo y en la vegetación. Las consecuencias son: aceleración del cambio climático, la pérdida de biodiversidad, la ocurrencia de inundaciones, degradación de los suelos, amenaza de las formas de vida y la integridad cultural de la población que depende directamente de los bosques. El presente trabajo se desarrolló en el Municipio de San Pablo Cuatro Venados, Zaachila Oaxaca, con la finalidad de analizar los cambios de uso de suelo y vegetación en un periodo de 30 años (1987 a 2017) y obtener la tasa de deforestación con el uso de imágenes Landsat. Los resultados mostraron que la vegetación arbórea perdió 193 ha (3.35%) y la vegetación arbustiva ganó 334 ha (5.57%). Los cambios en el bosque de pino-encino revelaron un importante reemplazo de vegetación arbustiva sobre vegetación arbórea. La tasa de deforestación (0.31%) sugieren un aprovechamiento constante de los recursos forestales y evidencian la necesidad de implementar acciones para mantener la cobertura forestal. |
| 650 #4 - PUNTO DE ACCESO ADICIONAL DE MATERIA--TÉRMINO DE MATERIA | |
| 9 (RLIN) | 14420 |
| Término de materia o nombre geográfico como elemento de entrada | Bosques |
| Subdivisión geográfica | Oaxaca |
| 650 #4 - PUNTO DE ACCESO ADICIONAL DE MATERIA--TÉRMINO DE MATERIA | |
| 9 (RLIN) | 14405 |
| Término de materia o nombre geográfico como elemento de entrada | Bosques |
| Subdivisión general | Utilización |
| 700 1# - PUNTO DE ACCESO ADICIONAL--NOMBRE DE PERSONA | |
| 9 (RLIN) | 53773 |
| Nombre de persona | Hernández Acosta, Elizabeth |
| Término indicativo de función/relación | director. |
| 856 ## - LOCALIZACIÓN Y ACCESO ELECTRÓNICOS | |
| Identificador Uniforme del Recurso | http://10.13.5.2/tesis/tm/Sanchez_Jimenez_Rosa.pdf |
| Nota pública | DESCARGAR PDF |
| 942 ## - ELEMENTOS DE PUNTO DE ACCESO ADICIONAL (KOHA) | |
| Fuente del sistema de clasificación o colocación | Clasificación Universidad Autónoma Chapingo |
| Tipo de ítem Koha | Tesis digital |
| Estado de retiro | Estado de pérdida | Fuente del sistema de clasificación o colocación | Estado dañado | Restricciones de uso | No para préstamo | Código de colección | Localización permanente | Ubicación/localización actual | Ubicación en estantería | Fecha de adquisición | Total de préstamos | Signatura topográfica completa | Fecha visto por última vez | Precio válido a partir de | Tipo de ítem Koha |
|---|---|---|---|---|---|---|---|---|---|---|---|---|---|---|---|
| Clasificación Universidad Autónoma de Chapingo | Préstamo interno | Tesis digitales de Maestría | Biblioteca Digital | Biblioteca Digital | En línea | 20/06/2023 | Tesis digital | 20/06/2023 | 20/06/2023 | Tesis digital |
